000 01415nam a22002297a 4500
003 OSt
005 20260127160109.0
008 230522b ||||| |||| 00| 0 eng d
040 _aSSBUL
_cSSBUL
041 _ashan
082 _a495.9191
245 _aၶေႃႈပူင်သွၼ်လၢႆးတႅမ်ႈဝွၵ်း၊ ၵႂၢမ်း၊ လင်ႇၵႃႇတႆး၊ ၸိုဝ်ႈၸဝ်ႈၶူးမေႃ၊ ၸဝ်ႈၸရေး၊ သဵၼ်ႈမၢႆႁူဝ်ႁုပ်ႈလိၵ်ႈလူင်။
_cၸဝ်ႈၼၼ်ႇတိယ (ပၢင်လူင်) ၵဵပ်းႁွမ်တႅမ်ႈ-
260 _aတႃႈလိူဝ်ႇ
_bတႆးၵမ်ႇပေႃးၸ
_c2018
300 _aF၊ 67 ၼႃႈ
_bလွၵ်း
_c21 ၸိၼ်ႇထီႇ
500 _aမၢႆတွင်း-ပၢင်ၵုမ်ၶွၼ်ႇၾရႅၼ်ႉလိၵ်ႈလူင်ပွၵ်ႈၵမ်း(6) ဝဵင်းႁူဝ်ပၢင်လူင်။ 2514 ၊ 2515 ပဵၼ်ပပ်ႉၸဝ်ႈတႃႇၼႁင်းၶေႃ တွၵ်ႉတိူဝ်ႇၸၢႆးဢွင်ႇထုၼ်း
500 _aS-SAT: Dr. Prof Sai Aung Tun
650 _aလၢႆးတႅမ်ႈလိၵ်ႈ
_924255
650 _aလင်ႇၵႃႇတႆး
_924247
942 _cBK
942 _2ddc
942 _2ddc
999 _c24667
_d24667